| 000 | 00999cam a22002651 4500 | ||
|---|---|---|---|
| 001 | gs 49000149 | ||
| 003 | DLC | ||
| 005 | 20260227111355.0 | ||
| 008 | 780906s1948 xx 000 0 eng c | ||
| 010 | _ags 49000149 | ||
| 035 | _a(OCoLC)4201651 | ||
| 040 |
_aU.S. Geol. Survey Libr. _cScCC _dDLC |
||
| 042 | _apremarc | ||
| 050 | 0 | 0 |
_aQE117 _b.A22 no. 26 |
| 082 | _a563.12 | ||
| 100 | 1 |
_aPope, David E. _q(David Elvin), _d1920- |
|
| 245 | 1 | 4 |
_aThe Harang fauna of Louisiana, _cby David E. Pope [and] D. Jeter Smith. |
| 260 |
_aBaton Rouge, _bDept. of Conservation, Louisiana Geological Survey, _c1948. |
||
| 300 |
_axi, 80 p. _billus., maps (part fold.) tables (2 fold. in pocket) _c23 cm. |
||
| 490 | 1 |
_aLouisiana. Dept. of Conservation. Geological bulletin _vno. 26 |
|
| 504 | _aBibliography: p. 74-76. | ||
| 650 | 0 |
_aForaminifera, Fossil _zLouisiana. |
|
| 700 | 1 |
_aSmith, Denver Jeter, _d1917- , _ejoint author. |
|
| 810 | 2 |
_aLouisiana Geological Survey. _tGeological bulletin ; _vno. 26. |
|
| 999 |
_c28381 _d28381 |
||